| 000 | 00561nam a22001697a 4500 | ||
|---|---|---|---|
| 005 | 20251108164051.0 | ||
| 008 | 250721s1995 xx 000 0 ara d | ||
| 082 | 1 | 4 | _a153.35/عبد |
| 100 | 1 | _aالمطعني، عبد العظيم إبراهيم محمد | |
| 245 | 1 | 0 | _aمصادر الإبداع بين الأصالة و التزوير / |
| 264 | 1 |
_aالقاهرة : _bمكتبة وهبه، _c1995. |
|
| 300 | _a85ص | ||
| 490 | 0 | _aلا بد من دين الله لدنيا الناس ؛ 8 | |
| 650 | 1 | 7 | _aالإبداع |
| 942 |
_2ddc _cBK |
||
| 999 |
_c2768 _d2768 |
||